00758cam a22001937a 4500003000500000005001700005008004100022010001000063011001000073035001000083040000900093100002600102245017500128260004300303300002200346502011200368650004500480650003900525CHAP20220329142454.0010518d1999 mx r 00110 spa d a83957 a84929 a95455 cCHAP00aBroissin Ayar, Karla.10aCobertura de residuos de plantas y su respuesta en la incidencia de malezas hospederas de nemátodos asociados al cultivo del banano (Musa AAA)c/por Karla Broissin Ayar aHuehuetán, Chis. :bEl autor,c1999. a66 h. :bgráfs. aTesis (Ing. Agr. Tropical) -- Universidad Autónoma de Chiapas. Facultad de Ciencias Agrícolas Campus IV14aPlátanoxEnfermedades por nemátodos.14aPlátanoxMalas hierbasxControl.